| 000 | 01283nam a2200373 4500 | ||
|---|---|---|---|
| 001 | 22172 | ||
| 003 | VRT | ||
| 005 | 20260321113650.0 | ||
| 008 | 240604s2016 xo gr 000 fdslo | ||
| 015 | _aSNBA2024/08 | ||
| 020 |
_a9788055150697 _q(viazané) |
||
| 039 | 9 |
_a202408200853 _bmsnk24 _c202408191124 _dmsnk24 _c202406041057 _dmsnk03 |
|
| 040 |
_aSNK _bslo _cSNK _erda |
||
| 041 | 1 |
_aslo _heng |
|
| 044 |
_axo _cSK |
||
| 072 | 7 |
_a821.111(73)-3 _xAmerická próza _2konspekt |
|
| 080 |
_a821.111(73)-31 _22011 |
||
| 100 | 1 |
_aSteel, Danielle, _d1947- _4aut |
|
| 240 | 1 | 0 |
_aPrecious gifts _lSlovensky |
| 245 | 1 | 0 |
_aVzácne dary _cDanielle Steel ; preložila Zuzana Gašparovičová |
| 264 | 1 |
_aBratislava _bIkar _c2016 |
|
| 300 |
_a299 strán _c21 cm |
||
| 336 |
_atext _btxt _2rdacontent |
||
| 337 |
_abez média _bn _2rdamedia |
||
| 338 |
_azväzok _bnc _2rdacarrier |
||
| 500 | _aPreložené z angličtiny | ||
| 500 | _aObsahuje profesijné údaje o autorke na záložke prebalu publikácie | ||
| 655 | 7 |
_aamerické romány _2SNKPH |
|
| 655 | 7 |
_aAmerican fiction _2SNKPHeng |
|
| 700 | 1 |
_aGašparovičová, Zuzana _4trl |
|
| 942 |
_2ddc _cKLDO _n0 |
||
| 949 |
_617A1548028 _asnkSC 206724 _bsnk2024/8832 _o177/24, DK 27/24 _s6100:20250527 |
||
| 999 |
_c22172 _d22172 |
||